Little owl needs a home : (Record no. 3125)

MARC details
000 -LEADER
fixed length control field 01001nam a22002657a 4500
001 - CONTROL NUMBER
control field 3125
003 - CONTROL NUMBER IDENTIFIER
control field FISKH
005 - DATE AND TIME OF LATEST TRANSACTION
control field 20240207144643.0
008 - FIXED-LENGTH DATA ELEMENTS--GENERAL INFORMATION
fixed length control field 240207b cb ||||| |||| 00| 0 eng d
020 ## - INTERNATIONAL STANDARD BOOK NUMBER
International Standard Book Number 9781407135359
040 ## - CATALOGING SOURCE
Original cataloging agency FISKH
Language of cataloging eng
Transcribing agency FISKH
Modifying agency FISKH
082 ## - DEWEY DECIMAL CLASSIFICATION NUMBER
Classification number 823.92
100 ## - MAIN ENTRY--PERSONAL NAME
Personal name Mongredien, Sue
245 ## - TITLE STATEMENT
Title Little owl needs a home :
Remainder of title Base on a real-life animal rescue /
Statement of responsibility, etc. By Sue Mongredien ; Illustrated by Jon Davis
260 ## - PUBLICATION, DISTRIBUTION, ETC.
Place of publication, distribution, etc. London :
Name of publisher, distributor, etc. Scholastic,
Date of publication, distribution, etc. 2013.
300 ## - PHYSICAL DESCRIPTION
Extent 124 pages :
Other physical details Illustrations ;
Dimensions 20 cm
500 ## - GENERAL NOTE
General note
505 ## - FORMATTED CONTENTS NOTE
Formatted contents note Q<br/>
520 ## - SUMMARY, ETC.
Summary, etc. When Josh climbs over a wall to get his football back from the derelict building down his street, he doesn't expect to find a nest full of baby owls. An exciting, inspiring story based on a real-life animal rescue.
521 8# - TARGET AUDIENCE NOTE
Target audience note 670<br/>
Source Lexile estimate <br/>
521 8# - TARGET AUDIENCE NOTE
Target audience note Q<br/>
Source Raz-Plus
650 ## - SUBJECT ADDED ENTRY--TOPICAL TERM
Topical term or geographic name entry element Animal Rescue
Form subdivision Fiction
General subdivision Juvenile Literature
700 ## - ADDED ENTRY--PERSONAL NAME
Personal name Davis, Jon
Relator term Illustrator
942 ## - ADDED ENTRY ELEMENTS (KOHA)
Source of classification or shelving scheme Dewey Decimal Classification
Koha item type Books
Suppress in OPAC No
Holdings
Withdrawn status Lost status Source of classification or shelving scheme Damaged status Not for loan Collection Home library Current library Shelving location Date acquired Total Checkouts Full call number Barcode Date last seen Price effective from Koha item type
    Dewey Decimal Classification     Juvenile Fiction Footprints International School Library Network Toul Kork Campus Footprints International School Library Network Toul Kork Campus TK Primary Library Room(4th Floor), Bookcase 5&6, Shelves 33-56, Orange Books 02/07/2024   MON 823.92 FISTKG3A075 02/07/2024 02/07/2024 Books